Τα ειδικά παιδιά και η αγωγή τους
Αποθηκεύτηκε σε:
| Κύριος συγγραφέας: | |
|---|---|
| Μορφή: | Βιβλίο |
| Γλώσσα: | Greek |
| Δημοσίευση: |
Ηράκλειο :
Ψυχοτεχνική,
1989
|
| Έκδοση: | 3η έκδ. |
| Θέματα: | |
| Ετικέτες: |
Προσθήκη ετικέτας
Δεν υπάρχουν, Καταχωρήστε ετικέτα πρώτοι!
|
MARC
| LEADER | 00000cam a2200000 i 4500 | ||
|---|---|---|---|
| 001 | 1/78876 | ||
| 008 | 960822s1989 gr | ||| |||| ||gre|| | ||
| 035 | |a 1993 |b 1 |c Μικιόζος |l 10033037 | ||
| 035 | |a 1994 |b 3 |c Βιβλιοθήκη | ||
| 040 | |a GR-MY-UA |b gre |e aacr | ||
| 041 | 0 | |a gre | |
| 082 | 0 | |a 371.9 | |
| 100 | 1 | |a Κυπριωτάκης, Αντώνης Β. | |
| 245 | 1 | 3 | |a Τα ειδικά παιδιά και η αγωγή τους / |c Αντώνη Κυπριωτάκη |
| 250 | |a 3η έκδ. | ||
| 260 | |a Ηράκλειο : |b Ψυχοτεχνική, |c 1989 | ||
| 300 | |a 220 σ. | ||
| 650 | 0 | 0 | |a Learning disabled children |x Education. |
| 650 | 0 | 0 | |a Children with disabilities |x Education. |
| 650 | 0 | 0 | |a Special education. |
| 852 | |a INST |b RHODES |e 19960826 |h 371.9 ΚΥΠ |p 005400007653 |q 005400007653 |t BK |y 4 |x 20200504 | ||
| 852 | |a INST |b RHODES |e 19960822 |h 371.9 ΚΥΠ |p 005400009641 |q 005400009641 |t BK |y 0 | ||
| 909 | |a Ρ |b 026075 | ||
| 909 | |a Ρ |b 038513 | ||
| 922 | |a 4ΕΛΗ |b 199302 |c ΜΙΚΙΟΖΟΣ | ||
| 922 | |a 4ΕΛΗ |b 199412 |c ΒΙΒΛΙΟΘΗΚΗ | ||
| 970 | |a ΧΟΡΟΖΙΔΟΥ |b ΤΖΕΝΗ |z 1999/11/12 | ||